| 000 | 00415nam a22001697a 4500 | ||
|---|---|---|---|
| 003 | OSt | ||
| 008 | 250711b |||||||| |||| 00| 0 eng d | ||
| 020 | _a9789332558540 | ||
| 082 | _a150 BAP | ||
| 100 | _aBARON, Robert A. and MISRA, Girishwar | ||
| 245 | _aPsychology | ||
| 250 | _a5th. ed, | ||
| 260 |
_aNoida, _bPearson Education India, _c2025, |
||
| 300 | _a646 p. | ||
| 650 | _aPsychology | ||
| 942 |
_2ddc _cBK |
||
| 999 |
_c13670 _d13670 |
||